Libertad de testar, legítima foral y desheredación en el Derecho Navarro / (Record no. 26859)

MARC details
000 -LEADER
campo de control de longitud fija 00669nam a2200181 i 4500
001 - NÚMERO DE CONTROL
campo de control 26859
003 - IDENTIFICADOR DE NÚMERO DE CONTROL
campo de control ES-MaACL
005 - FECHA Y HORA DE LA ÚLTIMA TRANSACCIÓN
campo de control 20230906153520.0
007 - CAMPO FIJO DE DESCRIPCIÓN FÍSICA--INFORMACIÓN GENERAL
campo de control de longitud fija t|
008 - DATOS DE LONGITUD FIJA--INFORMACIÓN GENERAL
campo de control de longitud fija 030110s1948 sp ||||1| spa d
100 1# - ENTRADA PRINCIPAL--NOMBRE DE PERSONA
Nombre de persona Arriaga Sagarra, José Miguel.
9 (RLIN) 23277
245 10 - MENCIÓN DEL TÍTULO
Título Libertad de testar, legítima foral y desheredación en el Derecho Navarro /
Mención de responsabilidad, etc. por José Miguel Arriaga Sagarra.
260 ## - PUBLICACIÓN, DISTRIBUCIÓN, ETC.
Lugar de publicación, distribución, etc. Pamplona :
Nombre del editor, distribuidor, etc. [s.n.,
Fecha de publicación, distribución, etc. 1948] (
Fabricante Imp. de D. Felipe Gómez Alonso)
300 ## - DESCRIPCIÓN FÍSICA
Extensión 36 p. ;
Dimensiones 25 cm.
500 ## - NOTA GENERAL
Nota general Precede al tít.: Consejo de Estudios de Derecho Navarro.
710 2# - ENTRADA AGREGADA--NOMBRE DE ENTIDAD CORPORATIVA
Nombre de entidad corporativa o nombre de jurisdicción como elemento de entrada Consejo de Estudios de Derecho Navarro.
9 (RLIN) 3185
852 ## - LOCALIZACIÓN
Ubicación ES-MaACL
Número de control de estantería 1881-F-11
Sublocalización o colección R.25750
Holdings
Estatus retirado Estado de pérdida Estado de daño No para préstamo Colección Biblioteca de origen Biblioteca actual Ubicación en estantería Fecha de adquisición Fuente de adquisición Total de préstamos Signatura topográfica completa Código de barras Visto por última vez Precio de reemplazo Tipo de ítem Koha
        Colección de folletos Biblioteca del Ateneo de Madrid Biblioteca del Ateneo de Madrid Depósito folletos 17/01/2008     1881-F-11 1027724 23/02/2023 23/02/2023 Folleto